Hunderassen erkennen: Vorstehhunde - Statistiken

Allgemein
  • Dieses Quiz wurde 23 mal gespielt
  • Das Durchschnittsergebnis liegt bei 7 aus 36
Antwortstatistiken
Bildquiz Antwort % Korrekt
Deutsch Drahthaar
78%
Deutsch Kurzhaar
56%
Deutsch Langhaar
56%
Englischer Setter
56%
Gordon Setter
56%
Großer Münsterländer Vorstehhund
56%
Irischer roter Setter
56%
Kleiner Münsterländer
56%
Weimeraner
44%
Irisch rot-weißer Setter
22%
Pudelpointer
22%
Ariege-Vorstehhund
11%
Blauer Picardie-Spaniel
11%
Bourbonnaiser Vorstehhund
11%
Bretonischer Spaniel
11%
Drahthaariger ungarischer Vorstehhund
11%
Drent'scher Hühnerhund
11%
Englischer Pointer
11%
Französischer rauhaariger Vorstehhund
11%
Französischer Spaniel
11%
Französischer Vorstehhund Typ Gascogne
11%
Französischer Vorstehhund Typ Pyrenäen
11%
Friesischer Vorstehhund
11%
Italienischer Spinone
11%
Italienischer Vorstehhund
11%
Picardie-Spaniel
11%
Point-Audemer Spaniel
11%
Portugiesischer Vorstehhund
11%
Altdänischer Vorstehhund
0%
Böhmisch Rauhbart
0%
Braque D'Auvergne
0%
Braque Saint_German
0%
Deutsch Stichelhaar
0%
Kurzhaariger ungarischer Vorstehhund
0%
Perdiguero von Burgos
0%
Slowakischer Rauhbart
0%
Keine übereinstimmenden Quizze gefunden
Verteilung der Resultate
Anzahl Personen mit jedem Resultat
Perzentil nach korrekt beantworteten Fragen
Ihre Resultats-Entwicklung
Sie haben dieses Quiz noch nicht gespielt